LEADER 00752nam0-22002771i-450- 001 990001264190403321 035 $a000126419 035 $aFED01000126419 035 $a(Aleph)000126419FED01 035 $a000126419 100 $a20000920d1957----km-y0itay50------ba 101 0 $aeng 200 1 $aDictionary of Conformal Representations$fH. Kober. 210 $aNew York$cDover$d1957 610 0 $aDizionario di rappresentazione conforme 676 $a515.03 700 1$aKober,$bHermann$02607 801 0$aIT$bUNINA$gRICA$2UNIMARC 901 $aBK 912 $a990001264190403321 952 $a3-F-13$b7195$fMA1 959 $aMA1 962 $a00A20 996 $aDictionary of conformal representations$9106058 997 $aUNINA DB $aING01 LEADER 02214nam 2200589Ia 450 001 9910699741203321 005 20101201100621.0 035 $a(CKB)5470000002405535 035 $a(OCoLC)688479953 035 $a(EXLCZ)995470000002405535 100 $a20101201d1984 ua 0 101 0 $aeng 135 $aurbn||||||||| 181 $ctxt$2rdacontent 182 $cc$2rdamedia 183 $acr$2rdacarrier 200 10$aDevelopment of a microprocessor controller for stand-alone photovoltaic power systems$b[electronic resource] /$fAlan R. Millner and David L. Kaufman 210 1$aBedford, Mass. :$cTriSolar Corp.,$d[1984] 215 $a1 online resource (197 pages in various pagings) $cdigital, PDF file 225 1 $aNASA CR ;$v174723 300 $aTitle from title screen (viewed Nov. 30, 2010). 300 $a"Prepared for National Aeronautics and Space Administration, Lewis Research Center, Cleveland, OH 44135; for U.S. Department of Energy, Conservation and Renewable Energy, Division of Photovoltaic Energy Technology, Washington, D.C. 20545, under Interagency Agreement DE-A101-79ET20485." 300 $a"June 1984." 300 $a"DOE/NASA/0310-1." 606 $aArrays$2nasat 606 $aBattery chargers$2nasat 606 $aCMOS$2nasat 606 $aEstimates$2nasat 606 $aMicroprocessors$2nasat 606 $aPhotovoltaic conversion$2nasat 606 $aSolar generators$2nasat 606 $aStorage batteries$2nasat 606 $aSystems management$2nasat 615 7$aArrays. 615 7$aBattery chargers. 615 7$aCMOS. 615 7$aEstimates. 615 7$aMicroprocessors. 615 7$aPhotovoltaic conversion. 615 7$aSolar generators. 615 7$aStorage batteries. 615 7$aSystems management. 700 $aMillner$b A. R$01419538 701 $aKaufman$b David L$01419539 712 02$aLewis Research Center. 712 02$aUnited States.$bDivision of Photovoltaic Energy Technology. 801 0$bGPO 801 1$bGPO 906 $aBOOK 912 $a9910699741203321 996 $aDevelopment of a microprocessor controller for stand-alone photovoltaic power systems$93534344 997 $aUNINA